Normal view
MARC view
Entry Topical Term
001 - CONTROL NUMBER
- control field: 15015
003 - CONTROL NUMBER IDENTIFIER
- control field: ARRUPE
005 - DATE AND TIME OF LATEST TRANSACTION
- control field: 20150210123240.0
008 - FIXED-LENGTH DATA ELEMENTS
- fixed length control field: 150210|| aca||aabn | a|a d
040 ## - CATALOGING SOURCE
- Original cataloging agency: ARRUPE
- Transcribing agency: ARRUPE
150 ## - HEADING--TOPICAL TERM
- Topical term or geographic name as entry element: Ancestor worship
- Geographic subdivision: Côte d'Ivoire.
670 ## - SOURCE DATA FOUND
- Source citation: Work cat.: (ARRUPE)0: Ephirim-Donkor, Anthony. 15013, African religion defined :, c2013.